Snakes by Pictures - Statistics

General Stats
  • This quiz has been taken 628 times
  • The average score is 10 of 16
Answer Stats
Picture Answer % Correct
King Cobra
98%
Rattlesnake
93%
Anaconda
88%
Black Mamba
85%
Green Tree Python
80%
Boa Constrictor
77%
Coral Snake
76%
King Snake
70%
Cottonmouth
59%
Corn Snake
57%
Copperhead
49%
Garter Snake
48%
Boomslang
46%
Hognose Snake
45%
Ringneck Snake
23%
Black Racer
19%
No matching quizzes found
Score Distribution
Percent of People with Each Score
Percentile by Number Answered
Your Score History
You have not taken this quiz